| 000 | 01453cam a22003258i 4500 | ||
|---|---|---|---|
| 001 | 18289346 | ||
| 003 | USPCAS-E | ||
| 005 | 20180118181412.0 | ||
| 008 | 140902s2014 enk b 001 0 eng | ||
| 010 | _a 2014034985 | ||
| 020 | _a9781107087286 (hardback) | ||
| 035 | _a(DNAL)1294103 | ||
| 040 |
_aDNAL/DLC _beng _erda _cDNAL |
||
| 042 | _apcc | ||
| 050 | 0 | 0 |
_aHD9698 _b.L48 2014 |
| 070 | 0 |
_aHD9698.A2 _bL48 2014 |
|
| 082 | 0 | 0 |
_a333.7924 _223 _bLEV-E 2015 |
| 100 | 1 |
_aLévêque, François, _eauthor. |
|
| 245 | 1 | 4 |
_aThe economics and uncertainties of nuclear power / _cFrançois Lévêque. |
| 263 | _a1412 | ||
| 300 | _apages cm | ||
| 502 | _a0 | ||
| 504 | _aIncludes bibliographical references and index. | ||
| 505 | 0 | _aAdding up costs -- The curse of rising costs -- Nuclear power and its alternatives -- Calculating risk -- Perceived probabilities and aversion to disaster -- The magic of Bayesian analysis -- Does nuclear safety need to be regulated? -- The basic rules of regulation -- What goal should be set for safety and how is it to be attained? -- Adopting nuclear power -- Nuclear exit -- Supranational governance: learning from Europe -- International governance to combat proliferation; politics and trade. | |
| 650 | 0 | _aNuclear industry. | |
| 650 | 0 |
_aNuclear energy _xGovernment policy. |
|
| 906 |
_a7 _bcbc _corignew _d1 _eecip _f20 _gy-gencatlg |
||
| 942 |
_2ddc _cBK |
||
| 999 |
_c355739 _d355739 |
||